000 00615nam a2200193Ia 4500
003 GCL
008 140319s9999 xx 000 0 ara d
040 _aGCL /
_cGCL
082 0 4 _aق
_b953.0737
_bس م
100 1 _aسيدة اسماعيل الكاشف
245 1 0 _aمصر فى عصر الاخشيديين (29) /
_cسيدة اسماعيل الكاشف
260 _a[S.N] :
_bالهيئة المصرية العامة للكتاب
300 _a418 ص
490 _aتاريخ المصريين
_v0
650 0 4 _aمصر
650 0 4 _aتاريخ
650 0 4 _aالدولة الاخشيدية
942 _2ddc
_cBK
999 _c52264
_d52264